Nanoparticles in biomedical imaging : emerging technologies and applications (Record no. 184476)

MARC details
000 -LEADER
fixed length control field 00749nam a22002297a 4500
020 ## - INTERNATIONAL STANDARD BOOK NUMBER
ISBN 978-2-387-72026-5
041 ## - LANGUAGE CODE
Language code of text/sound track or separate title eng
082 ## - DEWEY DECIMAL CLASSIFICATION NUMBER
Edition number 23rd ed.
Classification number 620.5
Item number NAN
245 ## - TITLE STATEMENT
Title Nanoparticles in biomedical imaging : emerging technologies and applications
Statement of responsibility, etc edited by Jeff W. M. Bulte & Michel M. J. Modo
260 ## - PUBLICATION, DISTRIBUTION, ETC. (IMPRINT)
Place of publication New York
Name of publisher Springer
Year of publication 2008
300 ## - PHYSICAL DESCRIPTION
Number of Pages xvii, 524p.; ill.; tables.;
Dimensions 24 cm.
440 ## - SERIES STATEMENT/ADDED ENTRY--TITLE
Title Fundamental Biomedial Technologies
Volume number/sequential designation 3
650 ## - SUBJECT ADDED ENTRY--TOPICAL TERM
Topical Term Nanotechnology
650 ## - SUBJECT ADDED ENTRY--TOPICAL TERM
Topical Term Nanoparticles
650 ## - SUBJECT ADDED ENTRY--TOPICAL TERM
Topical Term Imaging systems
650 ## - SUBJECT ADDED ENTRY--TOPICAL TERM
Topical Term Imaging systems in biology
700 ## - ADDED ENTRY--PERSONAL NAME
Personal name Bulte, Jeff W. M. (ed.)
700 ## - ADDED ENTRY--PERSONAL NAME
Personal name Modo, Michel M. J. (ed.)
856 ## - ELECTRONIC LOCATION AND ACCESS
Uniform Resource Identifier www.springer.com
942 ## - ADDED ENTRY ELEMENTS (KOHA)
Koha item type Books
Holdings
Withdrawn status Lost status Damaged status Collection code Home library Current library Shelving location Date acquired Full call number Accession Number Koha item type
      NANO TECHNOLOGY North Eastern Hill University North Eastern Hill University Information Technology 23/02/2026 620.5 NAN 330582 Books